[Event "Heusenstamm Sparkassen op-B 4th"]
[Site "Heusenstamm"]
[Date "2017.11.26"]
[Round "6"]
[White "Von Beckh, Frieda"]
[Black "Bloss, Silvia"]
[Result "1/2-1/2"]
[WhiteElo "1288"]
[BlackElo "1390"]
[PlyCount "125"]
[EventDate "2017.11.23"]
[EventType "swiss"]
[EventRounds "7"]
[EventCountry "GER"]
[SourceTitle "EXT 2019"]
[Source "ChessBase"]
[SourceDate "2018.10.10"]
[SourceVersion "1"]
[SourceVersionDate "2018.10.10"]
[SourceQuality "1"]

1. e4 e5 2. Nf3 Nc6 3. d4 exd4 4. Bc4 Be7 5. Nxd4 Nxd4 6. Qxd4 Nf6 7. Nc3 c6 8. Bf4 0-0 9. 0-0 b6 10. Rad1 b5 11. Be2 a5 12. Qd3 h6 13. Qg3 Kh8 14. Bc7 Qe8 15. e5 Nh7 16. Ne4 f5 17. exf6 Nxf6 18. Nd6 Bxd6 19. Bxd6 Ne4 20. Qd3 Nxd6 21. Qxd6 Rf6 22. Qd3 d5 23. Rfe1 Qg6 24. Qxg6 Rxg6 25. Bd3 Re6 26. Rxe6 Bxe6 27. Re1 Bg8 28. Re7 Bh7 29. Bxh7 Kxh7 30. Rc7 Re8 31. f4 Re1+ 32. Kf2 Re6 33. f5 Rf6 34. g4 Rd6 35. Ke3 d4+ 36. Ke4 a4 37. Ke5 Rd5+ 38. Ke6 d3 39. cxd3 Rxd3 40. f6 Re3+ 41. Kd6 Rd3+ 42. Kxc6 Rd8 43. f7 Kg6 44. Kxb5 Kg5 45. f8Q Rxf8 46. Rxg7+ Kf6 47. Rb7 Kg5 48. Kxa4 Kxg4 49. b4 Rf2 50. a3 Rxh2 51. b5 h5 52. b6 Rb2 53. Ka5 h4 54. Rh7 h3 55. Ka6 Ra2 56. Kb5 Rxa3 57. Kb4 Ra8 58. Kc3 Rd8 59. b7 Kg3 60. Rg7+ Kf2 61. Rf7+ Kg2 62. Rg7+ Kf1 63. Rf7+ 1/2-1/2

[Event "Heusenstamm Sparkassen op-B 4th"]
[Site "Heusenstamm"]
[Date "2017.11.23"]
[Round "1"]
[White "Bloss, Silvia"]
[Black "Stork, Christopher"]
[Result "0-1"]
[WhiteElo "1390"]
[BlackElo "1664"]
[PlyCount "70"]
[EventDate "2017.11.23"]
[EventType "swiss"]
[EventRounds "7"]
[EventCountry "GER"]
[SourceTitle "EXT 2019"]
[Source "ChessBase"]
[SourceDate "2018.10.10"]
[SourceVersion "1"]
[SourceVersionDate "2018.10.10"]
[SourceQuality "1"]

1. d4 d5 2. Nf3 Nf6 3. h3 c5 4. c3 e6 5. Bf4 Nc6 6. e3 Be7 7. Bd3 0-0 8. 0-0 a6 9. Nbd2 b5 10. Re1 Bb7 11. e4 cxd4 12. e5 dxc3 13. exf6 cxd2 14. Qxd2 Bxf6 15. Bg5 Bxg5 16. Nxg5 h6 17. Nxe6 fxe6 18. Rxe6 Rf6 19. Qe3 d4 20. Qe4 Nb4 21. Qh7+ Kf7 22. Bf5 Rxe6 23. Bxe6+ Kxe6 24. Qg6+ Qf6 25. Re1+ Kd6 26. Qg3+ Kd7 27. Qg4+ Kc7 28. Qg3+ Kb6 29. a3 Nc6 30. Qb3 Rf8 31. f3 Qf7 32. Qd3 Qc4 33. Qg6 d3 34. Qxg7 Qd4+ 35. Qxd4+ Nxd4 0-1